[Event "Ukraine Chess Championship-2016 U12 (Bo"]
[Site "Bucha"]
[Date "2016.05.18"]
[Round "1.1"]
[White "Melkumiants, Alexandr"]
[Black "Larkin, Vladislav"]
[Result "1-0"]
[WhiteElo "1822"]
[BlackElo "1915"]
[PlyCount "71"]
[EventDate "2016.??.??"]

1. c4 Nf6 2. Nf3 e6 3. g3 b6 4. Bg2 Bb7 5. O-O Be7 6. d3 O-O 7. Nc3 d6 8. b4 a5
9. bxa5 Rxa5 10. Bd2 Ra8 11. Qb3 Nbd7 12. Nd4 Nc5 13. Qb5 Bxg2 14. Kxg2 Ra5 15.
Qc6 Nfd7 16. Ncb5 Ne5 17. Qxc7 Qa8+ 18. Kg1 Rxa2 19. Rxa2 Qxa2 20. Qxe7 Qxd2
21. Qxd6 Ned7 22. Nc6 Qxe2 23. d4 Ne4 24. Qxd7 Nd2 25. Ra1 Nf3+ 26. Kg2 Qe4 27.
Ne7+ Kh8 28. Qc6 Nh4+ 29. Kf1 Qd3+ 30. Kg1 Nf3+ 31. Kg2 Nd2 32. Qa8 Qf1+ 33.
Rxf1 Rxa8 34. Rc1 Nb3 35. Rc3 Na5 36. c5 1-0

[Event "Ukraine Chess Championship-2016 U12 (Boy"]
[Site "Bucha, Kyiv region"]
[Date "2016.05.18"]
[Round "1.2"]
[White "Mitusov, Semen"]
[Black "Ovsepyan, Marat"]
[Result "0-1"]
[WhiteElo "1608"]
[BlackElo "1832"]
[PlyCount "140"]
[EventDate "2016.05.18"]

1. e4 c5 2. c3 d5 3. exd5 Qxd5 4. d4 Nc6 5. Nf3 Bf5 6. Be3 O-O-O 7. Be2 e6 8.
dxc5 Nf6 9. h3 Qxd1+ 10. Bxd1 Nd5 11. O-O Nxe3 12. fxe3 Bxc5 13. Nd4 Bg6 14.
Kh1 e5 15. Bg4+ Kb8 16. Nxc6+ bxc6 17. Na3 Bxe3 18. Nc4 Bf4 19. Na5 Kc7 20.
Rad1 Rd5 21. b4 Rhd8 22. Bf3 Rxd1 23. Bxd1 Rd2 24. Bf3 e4 25. Bxe4 Bxe4 26.
Rxf4 Bxg2+ 27. Kg1 Bd5 28. c4 Be6 29. a4 Ra2 30. b5 c5 31. Nb3 Kd6 32. a5 Rb2
33. Nc1 Rb1 34. Rf1 Bxc4 35. Rd1+ Kc7 36. b6+ axb6 37. axb6+ Rxb6 38. Kf2 Be6
39. Rg1 g6 40. Nd3 Bxh3 41. Nxc5 Bf5 42. Ke3 Kd6 43. Rc1 Kd5 44. Na4 $11 Re6+
45. Kf3 h5 46. Nc3+ Ke5 47. Rf1 Kd4 48. Ne2+ Rxe2 49. Rd1+ Bd3 50. Ra1 Re3+ 51.
Kf2 Re7 52. Ra4+ Bc4 53. Kf3 g5 54. Ra5 Bd5+ 55. Kg3 f5 56. Ra4+ Bc4 57. Ra5
Re5 58. Ra7 h4+ 59. Kg2 Bd5+ 60. Kf2 g4 61. Ra4+ Bc4 62. Ra1 f4 63. Rd1+ Bd3
64. Kg2 f3+ 65. Kf2 Re2+ 66. Kg1 g3 67. Kh1 h3 68. Kg1 f2+ 69. Kh1 Re1+ 70.
Rxe1 fxe1=Q# 0-1

[Event "Ukraine Chess Championship-2016 U12 (Boy"]
[Site "Bucha, Kyiv region"]
[Date "2016.05.18"]
[Round "1.5"]
[White "Bilych, Olexiy"]
[Black "Smirnov, Maksym"]
[Result "1/2-1/2"]
[WhiteElo "1886"]
[BlackElo "1548"]
[PlyCount "61"]
[EventDate "2016.05.18"]

1. e4 e5 2. Nf3 Nc6 3. Bb5 a6 4. Ba4 Nf6 5. O-O d6 6. d4 exd4 7. Nxd4 Bd7 8.
Bxc6 bxc6 9. Nc3 Be7 10. h3 c5 11. Nde2 O-O 12. Nf4 Bc6 13. Nfd5 Bxd5 14. exd5
Nd7 15. Bf4 Rb8 16. Rb1 Bf6 17. Qf3 Re8 18. b3 Rb4 19. Bg3 Bxc3 20. Qxc3 Nf6
21. Rbd1 Qa8 22. Qf3 Rbe4 23. c4 Re2 24. Bh4 Qd8 25. Bxf6 Qxf6 26. Qxf6 gxf6
27. Rd3 Rxa2 28. Rf3 Ra3 29. Rd1 Rb8 30. Rdd3 Kg7 31. Kh2 1/2-1/2

[Event "Ukraine Chess Championship-2016 U12 (Boy"]
[Site "Bucha, Kyiv region"]
[Date "2016.05.18"]
[Round "1.6"]
[White "Tarasenko, Vladislav"]
[Black "Domalchuk-Jonasson, Aleksandr"]
[Result "0-1"]
[WhiteElo "1838"]
[BlackElo "1496"]
[PlyCount "178"]
[EventDate "2016.05.18"]

1. e4 c5 2. Nf3 d6 3. d4 cxd4 4. Nxd4 Nf6 5. Nc3 a6 6. Be2 e6 7. O-O Nbd7 8.
Be3 b5 9. a3 Bb7 10. Bd3 Nc5 11. f3 Be7 12. Qe1 Qc7 13. Qg3 g6 14. Rae1 Rc8 15.
Bh6 Qb6 16. Qf2 b4 17. axb4 Qxb4 18. Nde2 Rg8 19. Be3 Nfd7 20. Bd4 Bf6 21. Bxf6
Nxf6 22. Qe3 Nfd7 23. f4 Qb6 24. Kh1 Nxd3 25. Qxb6 Nxb6 26. cxd3 d5 27. Ng3 Kd7
28. f5 Rgf8 29. Rc1 d4 30. Nce2 e5 31. Rxc8 Nxc8 32. Rc1 Ne7 33. fxg6 hxg6 34.
Ng1 f5 35. Nf3 Kd6 36. Re1 f4 37. Ne2 a5 38. Kg1 Ba6 39. Rd1 Rb8 40. Rd2 Nc6
41. Kf2 Nb4 42. Ne1 Rh8 43. h3 Rc8 44. g3 g5 45. Kf3 Rh8 46. Ng1 Bc8 47. Kg2
Na6 48. Rd1 Nc5 49. Ra1 a4 50. Rd1 Be6 51. Nef3 Bxh3+ 52. Nxh3 g4 53. Nh4 gxh3+
54. Kxh3 fxg3 55. Kxg3 Rg8+ 56. Kf3 Rb8 57. Rd2 Rh8 58. Nf5+ Kc6 59. Ne7+ Kd6
60. Nf5+ Kc7 61. Kg4 Rg8+ 62. Kf3 Rg1 63. Ke2 $11 Rc1 64. Kf3 Rf1+ 65. Ke2 Rh1
66. Ne7 Rh2+ 67. Kd1 Rh3 68. Kc2 Rg3 69. Nd5+ Kc6 70. Nb4+ Kb5 71. Na2 Nb3 72.
Rf2 Kc5 73. Rh2 Rg1 74. Rh5 Ra1 75. Rxe5+ Kd6 76. Rd5+ Ke6 77. Rb5 Rxa2 78.
Rxb3 axb3+ 79. Kxb3 Ra6 80. Kc4 Ke5 81. b4 Rc6+ 82. Kb5 Rc3 83. Kb6 Rxd3 84. b5
Rb3 85. Kc6 d3 86. b6 d2 87. b7 d1=Q 88. Kc7 Qd6+ 89. Kc8 Rc3# 0-1

[Event "Ukraine Chess Championship-2016 U12 (Boy"]
[Site "Bucha, Kyiv region"]
[Date "2016.05.19"]
[Round "2.1"]
[White "Larkin, Vladislav"]
[Black "Domalchuk-Jonasson, Aleksandr"]
[Result "1-0"]
[WhiteElo "1915"]
[BlackElo "1496"]
[PlyCount "141"]
[EventDate "2016.05.18"]

1. d4 Nf6 2. Nf3 e6 3. Bf4 b6 4. h3 Bb7 5. e3 d6 6. Bd3 Nbd7 7. O-O Qe7 8. Bh2
h6 9. Nbd2 g5 10. e4 Nh5 11. Qe2 Nf4 12. Bxf4 gxf4 13. Ba6 Bxa6 14. Qxa6 Bg7
15. a4 O-O 16. a5 Qd8 17. Ra3 c5 18. c3 Qb8 19. Rfa1 Qc7 20. axb6 axb6 21. Qxa8
Rxa8 22. Rxa8+ Nf8 23. d5 exd5 24. exd5 Qb7 25. Nc4 Qxd5 26. Nxb6 Qb7 27. R1a6
Qc7 28. Nd5 Qb7 29. c4 Qxb2 30. Rxd6 Qc1+ $11 31. Kh2 Qxc4 32. Nb6 Qe4 33. Nd5
c4 34. Rxf8+ Kxf8 35. Rd8+ Qe8 36. Rxe8+ Kxe8 37. Kg1 Kd7 38. Kf1 Ke6 39. Nb4
Bc3 40. Nc2 Kf5 41. Ke2 h5 42. Na3 Ba1 43. Nxc4 f6 44. Kd3 Be5 45. Nfxe5 fxe5
46. Nd6+ Ke6 47. Ne4 Kf5 48. f3 Ke6 49. Nd2 Kf5 50. Nc4 Kg5 51. Nd2 Kf5 52. h4
e4+ 53. Nxe4 Ke5 54. Nf2 Kd5 55. Nh3 Ke5 56. Kc4 Ke6 57. Nxf4+ Kf5 58. Nxh5 Kg6
59. Ng3 Kf6 60. Kd4 Kg6 61. Ke5 Kh6 62. f4 Kg6 63. f5+ Kf7 64. Nh5 Ke7 65. f6+
Kf7 66. Kf5 Kg8 67. Nf4 Kf7 68. h5 Kf8 69. Ke6 Kg8 70. f7+ Kf8 71. Ng6+ 1-0

[Event "Ukraine Chess Championship-2016 U12 (Boy"]
[Site "Bucha, Kyiv region"]
[Date "2016.05.19"]
[Round "2.2"]
[White "Smirnov, Maksym"]
[Black "Tarasenko, Vladislav"]
[Result "0-1"]
[WhiteElo "1548"]
[BlackElo "1838"]
[PlyCount "184"]
[EventDate "2016.05.18"]

1. e4 e5 2. Nf3 Nc6 3. Bc4 Bc5 4. c3 Nf6 5. b4 Bb6 6. d3 d6 7. h3 O-O 8. O-O
Ne7 9. Bb3 Ng6 10. Bc2 a5 11. b5 Re8 12. Re1 c6 13. a4 h6 14. d4 Qc7 15. Be3
Be6 16. Na3 Rad8 17. Qe2 Nh5 18. Rad1 Ngf4 19. Qf1 Qe7 20. d5 Bxe3 21. fxe3
cxd5 22. exf4 dxe4 23. Bxe4 d5 24. Bb1 Qxa3 25. Rxe5 Nf6 26. Qd3 Qxa4 27. Nh4
Qc4 28. Qxc4 dxc4 29. Rde1 Bc8 30. Ba2 Rxe5 31. Rxe5 Nd5 32. Bxc4 Nxc3 33. Rc5
Ne4 34. Rc7 Nd6 35. Nf3 Nxc4 36. Rxc4 Be6 37. Rc7 Rd7 38. Rc8+ Kh7 39. Rc5 a4
40. Rc3 Rd5 41. Ra3 Rxb5 42. Rxa4 Rb1+ 43. Kf2 b5 44. Ra6 b4 45. Rb6 b3 46. Ke3
Bd5 47. Nd2 Rg1 48. Rb5 Bxg2 49. Rxb3 Bxh3 50. Nf3 Ra1 51. Kf2 Be6 52. Rb5 g6
53. Kg3 Ra3 54. Kf2 Bd7 55. Rb6 Kg7 56. Ne5 Be6 57. Nf3 Kf6 58. Nd4 Rd3 59.
Nxe6 fxe6 60. Ke2 Rh3 61. Rb5 Rh5 62. Rb4 Kf5 63. Kf3 Rh3+ 64. Kg2 Rd3 65. Kf2
e5 66. fxe5 Kxe5 67. Rb5+ Rd5 68. Rb6 Kf5 69. Kg3 h5 70. Rb8 Rd3+ 71. Kg2 g5
72. Rb5+ Kf4 73. Rb4+ Ke5 74. Rb5+ Rd5 75. Rb8 Kf5 76. Rb3 g4 77. Kg3 Kg5 78.
Rb8 h4+ 79. Kg2 Rd2+ 80. Kg1 Kf4 81. Rb4+ Kf3 82. Rb3+ Ke4 83. Rb4+ Rd4 84. Rb8
Kf4 85. Rb3 g3 86. Rb8 Kg4 87. Rb1 h3 88. Kh1 Rd3 89. Kg1 h2+ 90. Kh1 Kh3 91.
Rg1 hxg1=Q+ 92. Kxg1 Rd1# 0-1

[Event "Ukraine Chess Championship-2016 U12 (Boy"]
[Site "Bucha, Kyiv region"]
[Date "2016.05.19"]
[Round "2.3"]
[White "Palchuk, Andrii"]
[Black "Bilych, Olexiy"]
[Result "1/2-1/2"]
[WhiteElo "1537"]
[BlackElo "1886"]
[PlyCount "76"]
[EventDate "2016.05.18"]

1. d4 Nf6 2. Nc3 e6 3. e4 Bb4 4. Bd3 b6 5. Nge2 Bb7 6. O-O d6 7. a3 Bxc3 8.
Nxc3 c5 9. dxc5 bxc5 10. Bg5 Nc6 11. Nb5 a6 12. Bxf6 gxf6 13. Nc3 Qc7 14. Rb1
O-O-O 15. b4 c4 16. Be2 Ne5 17. Qd4 d5 18. exd5 Bxd5 19. Nxd5 Rxd5 20. Qc3 Rg8
21. f4 Ng4 22. Bxc4 Kd7 23. h3 Ne3 24. Qxe3 Qxc4 25. Rbd1 Ke8 26. Rd2 Rg3 27.
Qxg3 Rxd2 28. Qe3 Qxc2 29. Rf2 Qb1+ 30. Kh2 Rd1 31. f5 Rh1+ 32. Kg3 e5 33. Qc5
e4 34. Qc8+ Ke7 35. Qc5+ Ke8 36. Qc8+ Ke7 37. Qc5+ Ke8 38. Qc8+ Ke7 1/2-1/2

[Event "Ukraine Chess Championship-2016 U12 (Boy"]
[Site "Bucha, Kyiv region"]
[Date "2016.05.19"]
[Round "2.6"]
[White "Melkumiants, Alexandr"]
[Black "Mitusov, Semen"]
[Result "0-1"]
[WhiteElo "1822"]
[BlackElo "1608"]
[PlyCount "134"]
[EventDate "2016.05.18"]

1. c4 e5 2. g3 Nf6 3. Bg2 Nc6 4. Nc3 Bb4 5. Nd5 Bc5 6. e3 O-O 7. Ne2 d6 8. Nec3
Nxd5 9. Nxd5 f5 10. O-O a5 11. Rb1 Kh8 12. a3 Be6 13. f4 Bxd5 14. cxd5 Ne7 15.
b4 axb4 16. axb4 Bb6 17. Bb2 e4 18. Qb3 Qe8 19. Rfd1 Qf7 20. Bf1 c6 21. b5 cxd5
22. Be2 h6 23. Kf2 Kh7 24. h4 Qe6 25. Rg1 Rf7 26. Rbf1 g6 27. Ra1 Re8 28. Ra4
Bc5 29. Rga1 Nc8 30. Ra8 Nb6 31. Rxe8 Qxe8 32. Rh1 h5 33. Qd1 Re7 34. Qb3 Qg8
35. Ba1 Qe6 36. Qc3 d4 37. exd4 Nd5 38. Qb3 Bb6 39. Bc4 e3+ 40. dxe3 Qxe3+ 41.
Qxe3 Nxe3 42. Re1 Ng4+ 43. Kf1 Rc7 44. Bb3 Ba5 45. Rb1 Re7 46. Rc1 Re3 47. Bf7
Kg7 48. Bd5 Rxg3 49. Bxb7 Rb3 50. Ba6 d5 51. Ke2 Kh6 52. Rc5 Re3+ 53. Kd1 Re1+
54. Kc2 Rxa1 55. Rxd5 Ne3+ 56. Kb2 Nxd5 57. Kxa1 Bc3+ 58. Kb1 Bxd4 59. Bb7 Nxf4
60. Kc2 g5 61. hxg5+ Kxg5 62. Kd2 h4 63. Ke1 h3 64. Kf1 Nh5 65. Ke2 h2 66. Kf1
Ng3+ 67. Kg2 h1=Q+ 0-1

[Event "Ukraine Chess Championship-2016 U12 (Boy"]
[Site "Bucha, Kyiv region"]
[Date "2016.05.20"]
[Round "3.1"]
[White "Mitusov, Semen"]
[Black "Larkin, Vladislav"]
[Result "1-0"]
[WhiteElo "1608"]
[BlackElo "1915"]
[PlyCount "91"]
[EventDate "2016.05.18"]

1. e4 e6 2. Nf3 d5 3. Nc3 Nf6 4. e5 Nfd7 5. d4 c5 6. dxc5 Bxc5 7. Bd3 Nc6 8.
Bf4 f6 9. exf6 Nxf6 10. Qe2 O-O 11. O-O-O Qa5 12. Kb1 a6 13. Ne5 Bb4 14. Bd2
Qc7 15. Ng4 Nxg4 16. Qxg4 Bxc3 17. Bxc3 e5 18. Qg3 d4 19. Bc4+ Kh8 20. Bxd4
Nxd4 21. Rxd4 Qc5 22. Rh4 Bf5 23. Bd3 Rac8 24. Rc4 Qd5 25. Rxc8 Bxc8 26. Re1
Be6 27. b3 Rf4 28. Qg5 e4 29. Qxf4 exd3 30. c4 d2 31. Rd1 Qd3+ 32. Kb2 Qe2 33.
Rxd2 Qe1 34. Qe3 Qxe3 35. fxe3 Kg8 36. Rf2 h5 37. Kc3 g5 38. Kd4 g4 39. Ke5 Bd7
40. Kd6 Bc6 41. g3 Bf3 42. Ke5 Kf8 43. Kf4 Bd1 44. Kg5+ Ke7 45. Kxh5 Kd6 46.
Rd2+ 1-0

[Event "Ukraine Chess Championship-2016 U12 (Bo"]
[Site "Bucha"]
[Date "2016.05.20"]
[Round "3.1"]
[White "Bilych, Olexiy"]
[Black "Bondar, Dmytro"]
[Result "0-1"]
[WhiteElo "1886"]
[BlackElo "1906"]
[PlyCount "76"]
[EventDate "2016.??.??"]

1. e4 c6 2. d4 d5 3. exd5 cxd5 4. Bd3 Nc6 5. c3 Qc7 6. h3 g6 7. Nf3 Bf5 8. O-O
Bxd3 9. Qxd3 Bg7 10. Bg5 Nf6 11. Nbd2 e6 12. Rfe1 O-O 13. b4 Rac8 14. a4 h6 15.
Bxf6 Bxf6 16. Rac1 Bg7 17. Nb3 b6 18. b5 Ne7 19. Nbd2 Nf5 20. c4 dxc4 21. Rxc4
Qd7 22. Rec1 Rxc4 23. Rxc4 Rd8 24. Nb3 e5 25. d5 Nd6 26. Nxe5 Bxe5 27. Rc1 Nf5
28. Rd1 Qd6 29. Qc4 Ne7 30. Nc1 Rc8 31. Qe4 f5 32. Qe2 Rc5 33. Re1 Rxd5 34. f4
Bf6 35. Qf3 Kg7 36. Kh2 Rd4 37. Ne2 Rxa4 38. Qb3 Ra3 0-1

[Event "Ukraine Chess Championship-2016 U12 (Boy"]
[Site "Bucha, Kyiv region"]
[Date "2016.05.20"]
[Round "3.5"]
[White "Tarasenko, Vladislav"]
[Black "Palchuk, Andrii"]
[Result "0-1"]
[WhiteElo "1838"]
[BlackElo "1537"]
[PlyCount "106"]
[EventDate "2016.05.18"]

1. e4 c5 2. Nf3 d6 3. d4 cxd4 4. Nxd4 Nf6 5. Nc3 g6 6. Be2 Bg7 7. O-O O-O 8.
Re1 Nc6 9. Nb3 Be6 10. Bf1 a6 11. Nd5 Bxd5 12. exd5 Ne5 13. c3 Rc8 14. Bg5 Nc4
15. Bxc4 Rxc4 16. Qd2 Qc7 17. Bxf6 Bxf6 18. Rad1 Kg7 19. Qe3 h6 20. Qd3 Ra4 21.
Re4 Rxe4 22. Qxe4 Rc8 23. Qc2 Qc4 24. Rd3 Qe4 25. Qd1 Bg5 26. Rd4 Qe5 27. g3
Bf6 28. Kg2 Qf5 29. Rf4 Qe5 30. Qf3 b5 31. Qd3 Bg5 32. Re4 Qf5 33. f3 Bf6 34.
Rf4 Qxd3 35. Re4 Qc2+ 36. Kh3 Qxb2 37. Nd4 Rxc3 38. Re2 Qb4 39. Nc2 Qc4 40. Re4
Rxc2 41. Rxc4 Rxc4 42. f4 a5 43. Kg2 b4 44. Kf3 a4 45. Ke2 b3 46. axb3 axb3 47.
Kd3 Rc3+ 48. Kd2 b2 49. g4 b1=Q 50. Ke2 Qd3+ 51. Kf2 Qe3+ 52. Kg2 Qf3+ 53. Kg1
Bd4# 0-1

[Event "Ukraine Chess Championship-2016 U12 (Boy"]
[Site "Bucha, Kyiv region"]
[Date "2016.05.20"]
[Round "3.6"]
[White "Domalchuk-Jonasson, Aleksandr"]
[Black "Smirnov, Maksym"]
[Result "0-1"]
[WhiteElo "1496"]
[BlackElo "1548"]
[PlyCount "82"]
[EventDate "2016.05.18"]

1. d4 d5 2. c4 e6 3. Nc3 Be7 4. cxd5 exd5 5. Bf4 Nf6 6. e3 O-O 7. Bd3 c6 8. Nf3
Nbd7 9. O-O Re8 10. Qc2 Nf8 11. h3 Ne6 12. Bh2 g6 13. a3 Ng7 14. b4 Nf5 15. b5
c5 16. dxc5 Bxc5 17. Rfe1 Be6 18. Qb2 Rc8 19. Be5 Nd7 20. Bh2 Qa5 21. Bxf5 gxf5
22. Rec1 Nb6 23. Nd2 d4 24. Nd1 Na4 25. Nb3 Qxb5 26. Rxc5 Nxc5 27. Qxd4 Bxb3
28. Nc3 Qc4 29. Qf6 Qe6 30. Qg5+ Qg6 31. Qh4 Ne4 32. Ne2 Rc2 33. Re1 Rec8 34.
f3 Ng5 35. Kf2 Bc4 36. Qd4 Bxe2 37. Rxe2 Rxe2+ 38. Kxe2 Qc6 39. Qh4 Qc2+ 40.
Kf1 Qd1+ 41. Kf2 Rc2+ 0-1

[Event "Ukraine Chess Championship-2016 U12 (Boy"]
[Site "Bucha, Kyiv region"]
[Date "2016.05.21"]
[Round "4.1"]
[White "Larkin, Vladislav"]
[Black "Smirnov, Maksym"]
[Result "1-0"]
[WhiteElo "1915"]
[BlackElo "1548"]
[PlyCount "102"]
[EventDate "2016.05.18"]

1. d4 d5 2. c4 e6 3. Nc3 Be7 4. cxd5 exd5 5. Nf3 Nf6 6. Bf4 c6 7. e3 O-O 8. Qc2
Re8 9. Bd3 Nbd7 10. O-O Nf8 11. Rab1 Ng6 12. Bg3 a5 13. a3 Bg4 14. Nd2 Qd7 15.
Na4 Bd8 16. Nc5 Qe7 17. Rfe1 b6 18. Na4 Qd7 19. Rbc1 h5 20. f3 Be6 21. Qb3 h4
22. Bf2 Bf5 23. Bxf5 Qxf5 24. Rxc6 Re7 25. Qc2 Qg5 26. Rc8 Rxc8 27. Qxc8 Re8
28. Qh3 Bc7 29. Nf1 Bf4 30. g3 hxg3 31. hxg3 Bc7 32. Rc1 Bd8 33. Nc3 Qh6 34.
Qxh6 gxh6 35. Nb5 Kf8 36. Kg2 Ke7 37. Be1 Kd7 38. Kf2 Ng8 39. b4 N8e7 40. bxa5
bxa5 41. Nc3 Kd6 42. e4 f6 43. Ne3 Bb6 44. Nb5+ Kd7 45. exd5 f5 46. Nc4 Nxd5
47. Nxb6+ Nxb6 48. Rc7+ Ke6 49. Rc6+ Kd5 50. Rxb6 Rc8 51. Rxg6 Kc4 1-0

[Event "Ukraine Chess Championship-2016 U12 (Boy"]
[Site "Bucha, Kyiv region"]
[Date "2016.05.21"]
[Round "4.2"]
[White "Palchuk, Andrii"]
[Black "Domalchuk-Jonasson, Aleksandr"]
[Result "1/2-1/2"]
[WhiteElo "1537"]
[BlackElo "1496"]
[PlyCount "181"]
[EventDate "2016.05.18"]

1. Nf3 Nf6 2. d4 e6 3. e3 b6 4. Be2 Bb7 5. O-O Be7 6. c4 O-O 7. Nc3 d6 8. b3
Nbd7 9. Bb2 Ne4 10. Nxe4 Bxe4 11. Qd2 f5 12. Ne1 Bf6 13. Bf3 Qe7 14. Bxe4 fxe4
15. f3 exf3 16. Nxf3 e5 17. Rad1 e4 18. Ne1 Bg5 19. Nc2 h5 20. Rxf8+ Rxf8 21.
Rf1 Nf6 22. h3 h4 23. Qe2 g6 24. Bc3 c6 25. Be1 d5 26. cxd5 Nxd5 27. Rxf8+ Qxf8
28. Bd2 Qc8 29. Qc4 b5 30. Qe2 Qe6 31. Nb4 Bxe3+ 32. Bxe3 Nxb4 33. Bg5 Qd5 34.
Qg4 Qxd4+ 35. Kh2 Qe5+ 36. Bf4 Qf5 37. Qxh4 Nd5 38. Bg3 Kg7 39. Qd8 e3 40. Qd6
e2 41. Qxc6 Kh7 42. Qc1 Qd3 43. Qc6 Qxg3+ 44. Kxg3 e1=Q+ 45. Kh2 Qe5+ 46. Kg1
Ne7 47. Qe8 Kg7 48. Kh1 a5 49. Kg1 Qe1+ 50. Kh2 Qe5+ 51. Kg1 Qc5+ 52. Kh2 Nf5
53. Qd7+ Ne7 54. Qe6 a4 55. Kh1 a3 56. Kh2 b4 57. Kh1 Nf5 58. Qd7+ Kf6 59. Qd8+
Ke5 60. Qh8+ Kf4 61. Qa1 Qf2 62. Qc1+ Ne3 63. Qc7+ Ke4 64. Qc6+ Kd3 65. Qxg6+
Ke2 66. Qe4 Kf1 67. Qb1+ Qe1 68. Qxe1+ Kxe1 69. g4 Kd2 70. g5 Nf5 71. Kg2 Kc2
72. Kf3 Kb2 73. Kg4 Ng7 74. h4 Kxa2 75. h5 Nxh5 76. Kxh5 Kxb3 77. g6 a2 78. g7
a1=Q 79. g8=Q+ Ka3 80. Qa8+ $11 Kb2 81. Qg2+ Kb3 82. Qg8+ Kc2 83. Qg2+ Kd3 84.
Qf3+ Kc4 85. Qe2+ Kc5 86. Qe7+ Kc4 87. Qe2+ Kd4 88. Qf2+ Ke4 89. Qh4+ Kf5 90.
Qg4+ Kf6 91. Qg5+ 1/2-1/2

[Event "Ukraine Chess Championship-2016 U12 (Boy"]
[Site "Bucha, Kyiv region"]
[Date "2016.05.21"]
[Round "4.3"]
[White "Bondar, Dmytro"]
[Black "Tarasenko, Vladislav"]
[Result "1/2-1/2"]
[WhiteElo "1906"]
[BlackElo "1838"]
[PlyCount "111"]
[EventDate "2016.05.18"]

1. e4 e5 2. Nf3 Nc6 3. Bb5 a6 4. Ba4 Nf6 5. O-O Be7 6. Re1 b5 7. Bb3 d6 8. c3
O-O 9. h3 Na5 10. Bc2 c5 11. d4 Qc7 12. Nbd2 cxd4 13. cxd4 Nc6 14. d5 Nb4 15.
Bb1 a5 16. a3 Na6 17. b4 axb4 18. axb4 Bd7 19. Qb3 Nc5 20. Qc3 Rxa1 21. Qxa1
Na4 22. Ba3 Rc8 23. Rc1 Qb7 24. Bd3 Nb6 25. Qb1 Nh5 26. Bf1 Nf4 27. Kh2 Rxc1
28. Qxc1 f5 29. exf5 Nfxd5 30. Qc2 Qc7 31. Qxc7 Nxc7 32. g4 h6 33. Kg3 Kf7 34.
Ne1 d5 35. Nd3 Bd6 36. f4 exf4+ 37. Nxf4 Bc6 38. Bg2 Na6 39. Nb3 Be5 40. Bc1
Nxb4 41. Kf2 Nc4 42. Ke2 d4 43. Bxc6 Nxc6 44. Nd3 Bf6 45. Kf3 N6e5+ 46. Nxe5+
Nxe5+ 47. Ke4 d3 48. Nc5 Ke7 49. Ba3 Nc4 50. Bb4 d2 51. Nb3+ Nd6+ 52. Bxd6+
Kxd6 53. Nxd2 Kc5 54. Nf3 b4 55. h4 b3 56. Kd3 $11 1/2-1/2

[Event "Ukraine Chess Championship-2016 U12 (Boy"]
[Site "Bucha, Kyiv region"]
[Date "2016.05.21"]
[Round "4.4"]
[White "Ovsepyan, Marat"]
[Black "Bilych, Olexiy"]
[Result "0-1"]
[WhiteElo "1832"]
[BlackElo "1886"]
[PlyCount "82"]
[EventDate "2016.05.18"]

1. d4 Nf6 2. Nc3 d5 3. Bg5 Nbd7 4. e3 e6 5. Nf3 c5 6. Be2 Be7 7. O-O O-O 8. Re1
h6 9. Bh4 a6 10. a4 b6 11. Nb1 Ne4 12. Bxe7 Qxe7 13. c4 Bb7 14. Nfd2 Ndf6 15.
Qb3 Qc7 16. Nxe4 Nxe4 17. Nc3 Nd2 18. Qa3 cxd4 19. exd4 Nxc4 20. Qb4 a5 21. Qb3
Ba6 22. Nb5 $11 Bxb5 23. Qxb5 Nd6 24. Qb3 Nf5 25. Red1 Rab8 26. Bg4 Nd6 27.
Rac1 Qb7 28. Qg3 Ne4 29. Qe5 Rfc8 30. f3 $11 Nf6 31. Bh3 Rxc1 32. Rxc1 Rc8 33.
Qe3 Qa6 34. Rxc8+ Qxc8 35. Qc3 Qxc3 36. bxc3 b5 37. axb5 a4 38. b6 a3 39. b7
Nd7 40. c4 a2 41. cxd5 a1=Q+ 0-1

[Event "Ukraine Chess Championship-2016 U12 (Boy"]
[Site "Bucha, Kyiv region"]
[Date "2016.05.22"]
[Round "5.3"]
[White "Bilych, Olexiy"]
[Black "Melkumiants, Alexandr"]
[Result "0-1"]
[WhiteElo "1886"]
[BlackElo "1822"]
[PlyCount "85"]
[EventDate "2016.05.18"]

1. e4 c5 2. Ne2 d6 3. g3 g6 4. c3 Qa5 5. Bg2 Bg7 6. O-O Nc6 7. d4 cxd4 8. cxd4
Qb6 9. Nbc3 Nxd4 10. Nd5 Nxe2+ 11. Qxe2 Qd8 12. Qc2 Kf8 13. f4 e6 14. Nc7 Rb8
15. Be3 b6 16. Rfd1 Bb7 17. Nb5 d5 18. exd5 Bxd5 19. Bxd5 exd5 20. Nxa7 Ne7 21.
Bd4 Qd7 22. Qc3 Bxd4+ 23. Rxd4 Qxa7 24. Rxd5 Kg8 25. Rd3 b5+ 26. Kg2 Qb7+ 27.
Kg1 Qb6+ 28. Kf1 Rc8 29. Qd2 Kg7 30. Re1 Qb7 31. Kg1 Rc7 32. b3 Rhc8 33. Qb2+
Kg8 34. Red1 Qb6+ 35. Kf1 Rc2 36. Rd8+ Rxd8 37. Qxc2 Rxd1+ 38. Qxd1 Nf5 39. Qd3
Qc6 40. h4 Qh1+ 41. Ke2 Qg2+ 42. Kd1 Qg1+ 43. Kc2 0-1

[Event "Ukraine Chess Championship-2016 U12 (Boy"]
[Site "Bucha, Kyiv region"]
[Date "2016.05.22"]
[Round "5.4"]
[White "Tarasenko, Vladislav"]
[Black "Ovsepyan, Marat"]
[Result "1/2-1/2"]
[WhiteElo "1838"]
[BlackElo "1832"]
[PlyCount "181"]
[EventDate "2016.05.18"]

1. e4 c5 2. Nf3 g6 3. d4 cxd4 4. Nxd4 Bg7 5. Be2 Nc6 6. Nb3 Nf6 7. Nc3 O-O 8.
O-O d6 9. Re1 a6 10. Bf1 b5 11. a3 Bb7 12. Bg5 Nd7 13. Qd2 Re8 14. Rab1 Rc8 15.
Nd5 f6 16. Be3 e6 17. Nf4 Nde5 18. f3 Nc4 19. Bxc4 bxc4 20. Na1 g5 21. Nh5 d5
22. Nxg7 Kxg7 23. exd5 exd5 24. Bd4 Nxd4 25. Qxd4 Qc7 26. c3 Kg6 27. Nc2 Rxe1+
28. Rxe1 Qc5 29. Qxc5 Rxc5 30. Nd4 Rc7 31. Kf2 h5 32. g3 Bc8 33. Re8 Bh3 34.
Rb8 Bc8 35. Nc2 Rc5 36. Ke3 Rc7 $11 37. Nb4 Bb7 38. Rd8 Re7+ 39. Kf2 a5 40.
Nxd5 Re5 41. Ne3 Rb5 42. Nxc4 Bd5 43. a4 Rc5 44. Ne3 Bb3 45. Rd4 Rc8 46. Ke2
Rb8 47. Kd3 Ba2 48. b4 axb4 49. cxb4 Bb3 50. b5 Ra8 51. Kc3 Bxa4 52. Kb4 Bxb5
53. Kxb5 Ra3 $11 54. Ng2 Ra2 55. Ne3 Rxh2 56. f4 gxf4 57. gxf4 Re2 58. Nf1 h4
59. Kc4 h3 60. Rd1 h2 61. Nxh2 Rxh2 62. Rf1 Kf5 63. Kd3 Ra2 64. Ke3 Ra4 65. Rh1
Ra3+ 66. Kf2 Kxf4 67. Rh4+ Kg5 68. Rh8 f5 69. Rg8+ Kf4 70. Rf8 Ra2+ 71. Kf1 Kg4
72. Rb8 f4 73. Rb3 f3 74. Rb8 Ra4 75. Rg8+ Kf5 76. Rf8+ Ke4 77. Re8+ Kd3 78.
Kf2 Rf4 79. Rd8+ Ke4 80. Re8+ Kf5 81. Rf8+ Kg4 82. Rxf4+ Kxf4 83. Kf1 Kg3 84.
Kg1 Kg4 85. Kf2 Kf4 86. Kf1 Ke3 87. Ke1 Kd3 88. Kf1 Ke3 89. Ke1 Kd4 90. Kf2 Kd3
91. Kxf3 $11 1/2-1/2

[Event "Ukraine Chess Championship-2016 U12 (Boy"]
[Site "Bucha, Kyiv region"]
[Date "2016.05.22"]
[Round "5.5"]
[White "Domalchuk-Jonasson, Aleksandr"]
[Black "Bondar, Dmytro"]
[Result "1/2-1/2"]
[WhiteElo "1496"]
[BlackElo "1906"]
[PlyCount "91"]
[EventDate "2016.05.18"]

1. d4 d5 2. c4 c6 3. Nf3 Nf6 4. e3 e6 5. b3 Nbd7 6. Nbd2 Bd6 7. Bd3 e5 8. e4
exd4 9. exd5 Qe7+ 10. Qe2 Qxe2+ 11. Bxe2 c5 12. O-O O-O 13. Ba3 Re8 14. Bd3 Bf8
15. Rfe1 Rxe1+ 16. Rxe1 b5 17. Ne4 b4 18. Bc1 Ba6 19. Nxf6+ Nxf6 20. Bg5 Re8
21. Bxf6 Rxe1+ 22. Nxe1 gxf6 23. g3 Kg7 24. Kg2 Bc8 25. h3 f5 26. f4 Kf6 27.
Nf3 Bd6 28. Nh4 a5 29. Kf3 h6 30. g4 fxg4+ 31. hxg4 Bf8 32. Nf5 Bxf5 33. Bxf5
h5 34. Bc8 hxg4+ 35. Bxg4 Bd6 36. Bh3 d3 37. Ke3 d2 38. Kxd2 Bxf4+ 39. Kd3 Ke5
40. Bg4 f5 41. Bf3 Bg5 42. Bg2 $11 Kf4 43. Ke2 Kg3 44. Bf3 Be7 45. Bh5 Kf4 46.
Bf3 1/2-1/2

[Event "Ukraine Chess Championship-2016 U12 (Boy"]
[Site "Bucha, Kyiv region"]
[Date "2016.05.22"]
[Round "5.6"]
[White "Smirnov, Maksym"]
[Black "Palchuk, Andrii"]
[Result "1-0"]
[WhiteElo "1548"]
[BlackElo "1537"]
[PlyCount "79"]
[EventDate "2016.05.18"]

1. e4 c5 2. Nf3 d6 3. Bb5+ Bd7 4. Bxd7+ Qxd7 5. O-O Nf6 6. Re1 e6 7. c3 Be7 8.
d4 cxd4 9. cxd4 d5 10. e5 Ne4 11. Nbd2 Nxd2 12. Bxd2 O-O 13. Rc1 Nc6 14. Rc3 b5
15. h4 a5 16. h5 h6 17. Qe2 Rab8 18. Rec1 Rfc8 19. Be3 b4 20. Rd3 a4 21. Nh2 b3
22. a3 Na5 23. Rxc8+ Rxc8 24. Qg4 Kh7 25. Bxh6 Kxh6 26. Rg3 Rg8 27. Qf4+ Kh7
28. Qxf7 Qe8 29. Rxg7+ Rxg7 30. Qxe8 Bxa3 31. Qxa4 Bxb2 32. Qxa5 Bxd4 33. Qb4
b2 34. Nf3 Ra7 35. Nxd4 Ra1+ 36. Kh2 b1=Q 37. Qe7+ Kh8 38. Nxe6 Qh7 39. Qf6+
Kg8 40. Qf8# 1-0